000 00303nam a22001337a 4500
008 171006b xxu||||| |||| 00| 0 eng d
020 _a
041 _aeng
080 _a159.9
100 _a49
101 _aPSI
245 _aREVIEW OF PERSONALITY AND SOCIAL PSYCHOLOGY
_cALKER,H,A
942 _2udc
_cBK
999 _c32372
_d32372